[Event "World Rapid Women 2018"]
[Site "St Petersburg RUS"]
[Date "2018.12.26"]
[Round "3.41"]
[White "Yurasova, Daria"]
[Black "Vo, Thi Kim Phung"]
[Result "1-0"]
[BlackTitle "WGM"]
[WhiteElo "2190"]
[BlackElo "2352"]
[WhiteFideId "34146919"]
[BlackFideId "12401838"]
[EventDate "2018.12.26"]

1. d4 Nf6 2. c4 e6 3. g3 Bb4+ 4. Bd2 Qe7 5. Bg2 Bxd2+ 6. Qxd2 d6 7. Nc3 c6 8.
Nf3 e5 9. dxe5 dxe5 10. O-O O-O 11. Rad1 Bg4 12. Ng5 Nbd7 13. h3 Bf5 14. Nge4
Nxe4 15. Nxe4 Bxe4 16. Qxd7 Qxd7 17. Rxd7 Bf5 18. Rxb7 Rab8 19. Rxb8 Rxb8 20. g4
Be6 21. b3 c5 22. Rd1 Kf8 23. Rd6 Rc8 24. Bd5 Ke7 25. Ra6 Rc7 26. Bxe6 fxe6 27.
Kg2 e4 28. Kg3 g5 29. f4 exf3 30. exf3 Kf6 31. Rd6 Ke5 32. Rd8 Rg7 33. Kf2 Kf4
34. Rf8+ Ke5 35. Ke3 Rc7 36. Rd8 Rc6 37. Rd7 Ra6 38. Rxh7 Rxa2 39. Rh5 Kf6 40.
f4 gxf4+ 41. Kxf4 Rf2+ 42. Ke4 Rb2 43. Rxc5 Rxb3 44. h4 Rb1 45. Rh5 Re1+ 46. Kd4
Rd1+ 47. Kc5 e5 48. Rh6+ Kf7 49. Rh7+ Ke6 50. Rxa7 e4 51. Ra8 Ke7 52. Ra6 Kf7
53. g5 Rh1 54. Rf6+ Kg7 55. Rf4 e3 56. Re4 Kg6 57. Rxe3 Rxh4 58. Re5 Rh1 59. Kc6
Kf7 60. c5 Ra1 61. Kb7 Rb1+ 62. Kc7 Rb2 63. c6 Rb1 64. Kc8 Rb2 65. c7 Rb1 66.
Kd7 Rd1+ 67. Kc6 Rc1+ 68. Rc5 1-0

[Event "World Rapid Women 2018"]
[Site "St Petersburg RUS"]
[Date "2018.12.26"]
[Round "3.42"]
[White "Nomin-Erdene, Davaademberel"]
[Black "Utiatskaja, Irina"]
[Result "0-1"]
[WhiteTitle "IM"]
[BlackTitle "WIM"]
[WhiteElo "2376"]
[BlackElo "2246"]
[WhiteFideId "4900782"]
[BlackFideId "24140848"]
[EventDate "2018.12.26"]

1. e4 c5 2. Nf3 d6 3. d4 cxd4 4. Nxd4 Nf6 5. Nc3 a6 6. Be3 e6 7. f3 b5 8. g4 Bb7
9. Qd2 Nfd7 10. a4 b4 11. Na2 a5 12. c3 bxc3 13. Nxc3 Be7 14. Be2 O-O 15. O-O
Na6 16. Ndb5 Ndc5 17. Rad1 Nb3 18. Qc2 Nbc5 19. Bc4 Qb8 20. Qf2 Rd8 21. Bf4 Bc6
22. b3 Be8 23. Qg3 Qb6 24. Kh1 Nb7 25. Rf2 Bxb5 26. Nxb5 Nc7 27. Nd4 Nc5 28.
Rfd2 g6 29. Be3 Qb7 30. Nb5 Nxb5 31. axb5 a4 32. b4 Nxe4 33. Qg2 Nxd2 34. Rxd2
a3 35. b6 d5 36. Ba2 Bxb4 37. Rd1 Bc3 38. Rc1 d4 39. Bg1 Bb2 40. Re1 Qxb6 41.
Qg3 Qd6 42. Qh4 d3 43. Rd1 d2 44. Be3 Qd3 45. Qf2 Bc1 46. Bh6 Qc2 47. Qe2 Qxa2
48. Bg5 Qd5 49. Bf6 a2 0-1

[Event "World Rapid Women 2018"]
[Site "St Petersburg RUS"]
[Date "2018.12.26"]
[Round "3.43"]
[White "Nakhbayeva, Guliskhan"]
[Black "Nazarova, Anastasia"]
[Result "1-0"]
[WhiteTitle "IM"]
[BlackTitle "WFM"]
[WhiteElo "2371"]
[BlackElo "2157"]
[WhiteFideId "13704788"]
[BlackFideId "34101737"]
[EventDate "2018.12.26"]

1. d4 d5 2. c4 e6 3. Nc3 Nf6 4. cxd5 exd5 5. Bg5 Be7 6. Qc2 c6 7. e3 Nbd7 8. Bd3
Nh5 9. Bxe7 Qxe7 10. Nge2 g6 11. O-O-O Nb6 12. Kb1 Be6 13. Nc1 O-O-O 14. Nb3 Kb8
15. Nc5 Ng7 16. Qb3 Bf5 17. Bxf5 Nxf5 18. Rc1 Nd6 19. Rhd1 Rhe8 20. Ka1 Ka8 21.
Rd3 f5 22. N3a4 Nbc8 23. Qb4 Ne4 24. Rb3 Ncd6 25. Qa5 Nb5 26. Nd3 Qc7 27. Rxb5
Qxa5 28. Rxa5 Kb8 29. Nc3 Nd6 30. Ne5 Rf8 31. g3 g5 32. f4 gxf4 33. exf4 h5 34.
Ra3 Rg8 35. Na4 h4 36. Nc5 hxg3 37. Rxg3 Rxg3 38. hxg3 Rg8 39. Rg1 b6 40. Nxc6+
Kc7 41. Ne7 Re8 42. Nxd5+ Kc6 43. Nf6 Rf8 44. Ncd7 Rf7 45. Ne5+ 1-0

[Event "World Rapid Women 2018"]
[Site "St Petersburg RUS"]
[Date "2018.12.26"]
[Round "3.44"]
[White "Munkhzul, Turmunkh"]
[Black "Shvayger, Yuliya"]
[Result "1-0"]
[WhiteTitle "WFM"]
[BlackTitle "IM"]
[WhiteElo "2255"]
[BlackElo "2393"]
[WhiteFideId "4901878"]
[BlackFideId "14100126"]
[EventDate "2018.12.26"]

1. e4 c5 2. Nf3 Nc6 3. d4 cxd4 4. Nxd4 e5 5. Nb5 d6 6. N1c3 a6 7. Na3 b5 8. Nd5
Nge7 9. Be3 Nxd5 10. Qxd5 Qc7 11. Be2 Be6 12. Qd2 Be7 13. O-O O-O 14. c4 b4 15.
Nc2 a5 16. b3 Rfb8 17. f4 exf4 18. Bxf4 Rd8 19. Kh1 Bf6 20. Rad1 Be5 21. Bg5 f6
22. Bf4 Qb7 23. Ne3 a4 24. Nd5 axb3 25. axb3 Nd4 26. Qe3 Nc6 27. h3 Kh8 28. Kh2
Ra2 29. Bf3 Re8 30. Bxe5 dxe5 31. Ra1 Rxa1 32. Rxa1 Nd4 33. Bg4 Bf7 34. Ra4 Bxd5
35. cxd5 Rb8 36. Qd3 Qc7 37. Bd1 Kg8 38. Ra1 Qc5 39. Ra4 Qc1 40. d6 Qc5 41. d7
Rd8 42. Bg4 h5 43. Bxh5 Rxd7 44. Ra8+ Kh7 45. Qg3 g5 46. Qg4 Rc7 47. Be8 Kg7 48.
Qh5 Ra7 49. Qg6+ Kf8 50. Qxf6+ Kg8 51. Bf7+ 1-0

[Event "World Rapid Women 2018"]
[Site "St Petersburg RUS"]
[Date "2018.12.26"]
[Round "3.45"]
[White "Solozhenkina, Elizaveta"]
[Black "Harika, Dronavalli"]
[Result "0-1"]
[WhiteTitle "WIM"]
[BlackTitle "GM"]
[WhiteElo "2258"]
[BlackElo "2494"]
[WhiteFideId "34106615"]
[BlackFideId "5015197"]
[EventDate "2018.12.26"]

1. e4 d6 2. d4 Nf6 3. Nc3 g6 4. Nf3 Bg7 5. Be2 c6 6. O-O O-O 7. h3 Qc7 8. Bf4
Nh5 9. Bg5 e5 10. Qd2 Re8 11. a4 Nd7 12. dxe5 dxe5 13. b4 Nf8 14. Bc4 Be6 15.
Bxe6 Nxe6 16. g3 Nd4 17. Qd3 h6 18. Bd2 Nf6 19. Ne2 c5 20. bxc5 Nd7 21. Nfxd4
exd4 22. Bf4 Qc6 23. Nxd4 Qxe4 24. Qxe4 Rxe4 25. c3 Nxc5 26. Rfd1 Rc8 27. Be3 a6
28. a5 Re7 29. Rdc1 Ne4 30. Ra3 Nxg3 31. Kg2 Ne4 32. Rb3 Rec7 33. Ne2 h5 34. Bb6
Rd7 35. Be3 Rdc7 36. Bf4 Re7 37. Be3 Nd6 38. Nf4 Nc4 39. Nd5 Rd7 40. Nb6 Nxb6
41. Bxb6 Rc4 42. Be3 Be5 43. Kf1 Ra4 44. Bb6 Rd3 45. Kg2 Ra2 46. Rb4 Rg3+ 47.
Kf1 Rxh3 48. Kg2 Rxc3 49. Re1 f6 50. Rd1 Kf7 51. Rd7+ Ke6 52. Rxb7 g5 53. Bd8 h4 0-1

[Event "World Rapid Women 2018"]
[Site "St Petersburg RUS"]
[Date "2018.12.26"]
[Round "3.46"]
[White "Batsiashvili, Nino"]
[Black "Smirnova, Ekaterina"]
[Result "1-0"]
[WhiteTitle "GM"]
[BlackTitle "WFM"]
[WhiteElo "2459"]
[BlackElo "2192"]
[WhiteFideId "13602993"]
[BlackFideId "4110943"]
[EventDate "2018.12.26"]

1. d4 d5 2. c4 c6 3. cxd5 cxd5 4. Bg5 h6 5. Bh4 Qb6 6. Nc3 Qxb2 7. Nxd5 e6 8.
Qc1 Qxc1+ 9. Rxc1 Na6 10. e4 exd5 11. Rxc8+ Rxc8 12. Bb5+ Rc6 13. exd5 Nb4 14.
dxc6 bxc6 15. Ba4 Kd7 16. Nf3 f6 17. Kd2 Bd6 18. Rb1 Kc7 19. Bg3 Bxg3 20. hxg3
Nd5 21. Ne1 Nge7 22. Rc1 Rb8 23. Nd3 Kd6 24. Rc5 Nb4 25. Bb3 Nxd3 26. Kxd3 Rb5
27. Kc4 Rb7 28. Ra5 Nd5 29. Kd3 f5 30. Bxd5 cxd5 31. Ra6+ Ke7 32. Ke3 Rb6 33.
Rxa7+ Kf6 34. Ra5 Rb2 35. Rxd5 Rxa2 36. Rd6+ Ke7 37. Rb6 Rc2 38. Ra6 Rb2 39. Rc6
Ra2 40. Rc5 Ke6 41. Re5+ Kf6 42. Re8 Ra3+ 43. Ke2 Ra2+ 44. Kf3 Ra3+ 45. Re3 Ra4
46. Rd3 Ke6 47. Ke3 Kd5 48. Rb3 Ra2 49. Rb5+ Ke6 50. Rb6+ Ke7 51. d5 Rc2 52. Rg6
Kf7 53. Re6 Ra2 54. Rb6 Ke7 55. f3 Rxg2 56. Kf4 Rd2 57. Ke5 f4 58. Rb7+ Ke8 59.
gxf4 g6 60. Rg7 Rg2 61. Ke6 Re2+ 62. Kd6 Ra2 63. Re7+ Kf8 64. Rh7 h5 65. Ke6 Ra3
66. d6 Re3+ 67. Kf6 Ke8 68. d7+ Kd8 69. Kxg6 Rxf3 70. f5 h4 71. Rxh4 Kxd7 72. f6
Rg3+ 73. Kf7 Rg1 74. Rd4+ Kc7 75. Ke7 Re1+ 76. Kf8 Rf1 77. f7 Rg1 78. Ke7 Re1+
79. Kf6 Rf1+ 80. Ke6 Rf2 81. Rd5 1-0

[Event "World Rapid Women 2018"]
[Site "St Petersburg RUS"]
[Date "2018.12.26"]
[Round "3.47"]
[White "Gaponenko, Inna"]
[Black "Belova, Olga"]
[Result "1-0"]
[WhiteTitle "IM"]
[BlackTitle "WFM"]
[WhiteElo "2420"]
[BlackElo "2069"]
[WhiteFideId "14101181"]
[BlackFideId "4138422"]
[EventDate "2018.12.26"]

1. e4 e5 2. Nf3 Nc6 3. Bb5 g6 4. d4 exd4 5. Bg5 Be7 6. Bxe7 Qxe7 7. Bxc6 dxc6 8.
Qxd4 Nf6 9. Nc3 Bg4 10. Nd2 c5 11. Qe3 O-O-O 12. f3 Be6 13. O-O-O Kb8 14. Rhe1
Rhe8 15. Qg5 Nd5 16. Qxe7 Nxe7 17. Nf1 Nc6 18. Ne3 h5 19. Ncd5 Bc8 20. Nf6 Re6
21. Rxd8 Nxd8 22. Rd1 Rxf6 23. Rxd8 c6 24. Nc4 Kc7 25. Rd1 Bd7 26. Kd2 Be8 27.
Ke3 b5 28. Ne5 c4 29. f4 Re6 30. Nf3 Rd6 31. Rxd6 Kxd6 32. e5+ Kd5 33. Ng5 c5
34. c3 a6 35. g3 a5 36. a3 b4 37. Ne4 Bd7 38. Nf6+ Ke6 39. Nxd7 Kxd7 40. Ke4
bxc3 41. bxc3 Ke6 42. h3 a4 43. g4 hxg4 44. hxg4 f5+ 45. exf6 Kxf6 46. Kd5 1-0

[Event "World Rapid Women 2018"]
[Site "St Petersburg RUS"]
[Date "2018.12.26"]
[Round "3.48"]
[White "Alieva, Alexandra"]
[Black "Gevorgyan, Maria"]
[Result "1-0"]
[WhiteTitle "WFM"]
[BlackTitle "WIM"]
[WhiteElo "2102"]
[BlackElo "2228"]
[WhiteFideId "24133353"]
[BlackFideId "13300270"]
[EventDate "2018.12.26"]

1. e4 c5 2. Nf3 e6 3. b3 d5 4. exd5 exd5 5. Bb5+ Nc6 6. O-O a6 7. Re1+ Be6 8.
Bxc6+ bxc6 9. d4 h6 10. Ba3 c4 11. Bxf8 Kxf8 12. bxc4 dxc4 13. Nc3 Nf6 14. Ne5
Rc8 15. Qf3 Qxd4 16. Rad1 Qc5 17. Ng6+ fxg6 18. Rxe6 Qf5 19. Rxc6 Qxf3 20. Rxc8+
Ke7 21. Rc7+ 1-0

[Event "World Rapid Women 2018"]
[Site "St Petersburg RUS"]
[Date "2018.12.26"]
[Round "3.49"]
[White "Vasilevich, Irina"]
[Black "Shaydullina, Sandugach"]
[Result "1-0"]
[WhiteTitle "IM"]
[BlackTitle "WGM"]
[WhiteElo "2258"]
[BlackElo "2033"]
[WhiteFideId "4141296"]
[BlackFideId "4140389"]
[EventDate "2018.12.26"]

1. c4 f5 2. Nc3 Nf6 3. g3 e6 4. Bg2 d5 5. cxd5 exd5 6. e3 c6 7. Nge2 Bd6 8. O-O
O-O 9. Rb1 Qe7 10. a3 a5 11. Nd4 Ne4 12. Na4 Nd7 13. d3 Nec5 14. Nc3 a4 15. Qc2
Ne5 16. Rd1 Bd7 17. Nde2 Nb3 18. Nxa4 Nxc1 19. Rbxc1 Be8 20. d4 Ng4 21. Nc5 Bh5
22. Nf4 Be8 23. Qb3 b6 24. Qxb6 Rb8 25. Qa5 Rxb2 26. Rd2 Rb5 27. Qc3 Bxc5 28.
dxc5 Ne5 29. a4 Rb8 30. Ra2 g5 31. Nd3 Nc4 32. Qd4 Bg6 33. a5 Qa7 34. a6 Rb3 35.
f4 Re8 36. Re1 g4 37. Ne5 Nxe5 38. fxe5 Rb5 39. Rc1 Bf7 40. Bf1 Rbb8 41. Qf4 Bg6
42. Bd3 Kg7 43. Rf2 Qe7 44. Qa4 Qxe5 45. Re1 Qc3 46. Qd1 Qxc5 47. Qa1+ Kg8 48.
Rc2 Qb6 49. Qc1 Re6 50. Rc5 Rbe8 51. Kf2 d4 52. Bc4 dxe3+ 53. Rxe3 Bf7 54. Bxe6
Bxe6 55. Rxc6 Qd4 56. Rxe6 Rf8 57. Qc3 Qd5 58. Re7 Rf7 59. Rxf7 Kxf7 60. Qb3 1-0

[Event "World Rapid Women 2018"]
[Site "St Petersburg RUS"]
[Date "2018.12.26"]
[Round "3.50"]
[White "Injac, Teodora"]
[Black "Afonasieva, Anna"]
[Result "1-0"]
[WhiteTitle "WIM"]
[BlackTitle "WFM"]
[WhiteElo "2325"]
[BlackElo "2207"]
[WhiteFideId "932400"]
[BlackFideId "24173606"]
[EventDate "2018.12.26"]

1. d4 d5 2. Nf3 Nf6 3. c4 c6 4. Nbd2 g6 5. e3 Bg7 6. b4 O-O 7. a4 dxc4 8. Bxc4
b6 9. O-O a5 10. b5 cxb5 11. axb5 Bb7 12. Ba3 Nbd7 13. Qb3 e6 14. Bxf8 Bxf8 15.
Rfd1 Bd6 16. Bxe6 Qe7 17. Bc4 h6 18. e4 Nxe4 19. Nxe4 Qxe4 20. Bxf7+ Kg7 21. Re1
Bxh2+ 22. Kxh2 Qf4+ 23. Kg1 Qxf7 24. Qxf7+ Kxf7 25. Rac1 Bxf3 26. gxf3 Ra7 27.
Rc6 a4 28. Rec1 Ke7 29. Rxg6 a3 30. Rxh6 a2 31. Ra1 Nf6 32. Kg2 Ra4 33. Rhh1 Nd5
34. Rhc1 Nf4+ 35. Kf1 Kd6 36. Rc2 Rxd4 37. Rcxa2 Nd5 38. Rc1 Rb4 39. Rc6+ Ke5
40. Re2+ Kf5 41. Rce6 Rxb5 42. R2e5+ Kf4 43. Kg2 Rc5 44. Re4+ Kf5 45. R6e5+ Kf6
46. Kg3 Ra5 47. f4 Nc3 48. Re3 Ra3 49. Re6+ Kf7 50. Rxb6 Ne4+ 51. Kf3 Nd2+ 52.
Kg2 Ra2 53. Rb7+ Kf6 54. Re2 1-0

[Event "World Rapid Women 2018"]
[Site "St Petersburg RUS"]
[Date "2018.12.26"]
[Round "3.51"]
[White "Bogumil, Tatiana"]
[Black "Atalik, Ekaterina"]
[Result "0-1"]
[WhiteTitle "WGM"]
[BlackTitle "IM"]
[WhiteElo "2114"]
[BlackElo "2447"]
[WhiteFideId "4110579"]
[BlackFideId "4130189"]
[EventDate "2018.12.26"]

1. Nf3 Nf6 2. c4 g6 3. b3 Bg7 4. Bb2 O-O 5. g3 d6 6. d4 c5 7. Bg2 Nc6 8. d5 Na5
9. O-O Bd7 10. Re1 b5 11. Nbd2 Rb8 12. Rb1 bxc4 13. bxc4 Rxb2 14. Rxb2 Nxd5 15.
Qb1 Bxb2 16. Qxb2 Nf6 17. e4 e5 18. Qa3 Nc6 19. h3 Qc7 20. Kh2 Rb8 21. Nb1 Be6
22. Nfd2 Nd4 23. Rc1 Kg7 24. Nc3 Rb4 25. Bf1 Qb8 26. Nb5 Nxb5 27. cxb5 Nxe4 28.
Nxe4 Rxe4 29. Qb2 Rd4 30. a3 Bd5 31. Qc3 Ba8 32. Be2 Qb7 33. f3 Qd5 34. Rc2 e4
35. Bc4 Qe5 36. Qe3 exf3 37. Qxe5+ dxe5 38. Bf1 e4 39. Rc3 Rd2+ 40. Kg1 f2+ 41.
Kh2 Rd1 0-1

[Event "World Rapid Women 2018"]
[Site "St Petersburg RUS"]
[Date "2018.12.26"]
[Round "3.52"]
[White "Charochkina, Daria"]
[Black "Nebolsina, Vera"]
[Result "1-0"]
[WhiteTitle "IM"]
[BlackTitle "WGM"]
[WhiteElo "2344"]
[BlackElo "2242"]
[WhiteFideId "4180917"]
[BlackFideId "4163591"]
[EventDate "2018.12.26"]

1. d4 Nf6 2. c4 g6 3. Nc3 Bg7 4. e4 d6 5. f4 O-O 6. Nf3 Bg4 7. Be2 Nbd7 8. h3
Bxf3 9. Bxf3 e5 10. fxe5 dxe5 11. d5 Ne8 12. Be3 Bh6 13. Bf2 Nd6 14. c5 Nc4 15.
Qd3 Nd2 16. Rd1 Nxf3+ 17. Qxf3 f5 18. O-O fxe4 19. Qxe4 Rf4 20. Qe2 Qf8 21. d6
c6 22. Be3 Rf5 23. g4 Rf4 24. Bxf4 Bxf4 25. Ne4 Qh6 26. Kg2 Qh4 27. Qc4+ Kh8 28.
Rd3 h5 29. Qe6 Nf8 30. Qe7 1-0

[Event "World Rapid Women 2018"]
[Site "St Petersburg RUS"]
[Date "2018.12.26"]
[Round "3.53"]
[White "Petrova, Irina"]
[Black "Fominykh, Maria"]
[Result "1/2-1/2"]
[WhiteTitle "WIM"]
[BlackTitle "WGM"]
[WhiteElo "2124"]
[BlackElo "2259"]
[WhiteFideId "14124122"]
[BlackFideId "4142411"]
[EventDate "2018.12.26"]

1. d4 Nf6 2. Bg5 g6 3. Bxf6 exf6 4. e3 d5 5. g3 c6 6. Nd2 Bg7 7. Bg2 O-O 8. Ne2
Nd7 9. O-O f5 10. c4 Nf6 11. Nc3 dxc4 12. Nxc4 Be6 13. Ne5 Nd5 14. Nd3 Nxc3 15.
bxc3 Bc4 16. Re1 Qa5 17. Nc5 b6 18. Nb3 Qxc3 19. Rc1 Qb4 20. Bxc6 Rac8 21. Bg2
a5 22. Rb1 Qd6 23. a4 Be6 24. Nd2 Rc3 25. Qf3 Rc2 26. Nf1 Bd7 27. Qd5 Qc7 28.
Qb3 Rb8 29. Bd5 Be8 30. Qa3 Bf8 31. Qb3 Bb4 32. Red1 Rc3 33. Qa2 Ra3 34. Qb2
Bxa4 35. Rdc1 Rc3 36. Rxc3 Qxc3 37. Bxf7+ Kg7 38. Qa2 Bc6 39. Bd5 Be8 40. Bf3
Bf7 41. Bd5 Be8 42. Bf3 Bf7 43. Bd5 Be8 44. Bf3 Bf7 1/2-1/2

[Event "World Rapid Women 2018"]
[Site "St Petersburg RUS"]
[Date "2018.12.26"]
[Round "3.54"]
[White "Lelekova, Olga"]
[Black "Bezgodova, Svetlana"]
[Result "0-1"]
[WhiteTitle "WIM"]
[BlackTitle "WIM"]
[WhiteElo "2261"]
[BlackElo "2046"]
[WhiteFideId "4164903"]
[BlackFideId "4110650"]
[EventDate "2018.12.26"]

1. e4 e5 2. Nf3 Nc6 3. Bb5 a6 4. Ba4 Nf6 5. Qe2 Qe7 6. O-O d6 7. c3 Bd7 8. d3 g6
9. Nbd2 Bg7 10. Bb3 Nh5 11. Nc4 Nd8 12. d4 b5 13. Na5 O-O 14. g3 h6 15. d5 Qe8
16. Nh4 f5 17. exf5 gxf5 18. Bc2 Rf6 19. f3 Qf7 20. Bd2 Bf8 21. g4 fxg4 22. fxg4
Nf4 23. Bxf4 Rxf4 24. Nf5 Qf6 25. Rxf4 exf4 26. Rf1 Nf7 27. Rxf4 Re8 28. Qf2 Ng5
29. Kg2 Qe5 30. Ne3 Bg7 31. Nf5 Qxd5+ 32. Kf1 Qh1+ 33. Qg1 Qxg1+ 34. Kxg1 Nh3+ 0-1

[Event "World Rapid Women 2018"]
[Site "St Petersburg RUS"]
[Date "2018.12.26"]
[Round "3.56"]
[White "Kosteniuk, Oksana"]
[Black "Aseeva, Marina"]
[Result "1/2-1/2"]
[WhiteTitle "WFM"]
[WhiteElo "2096"]
[BlackElo "2173"]
[WhiteFideId "4187725"]
[BlackFideId "4110544"]
[EventDate "2018.12.26"]

1. Nf3 d5 2. g3 Nf6 3. Bg2 c6 4. d3 Bf5 5. O-O e6 6. b3 Be7 7. Bb2 O-O 8. Nbd2
a5 9. a4 h6 10. Ne5 Nbd7 11. e4 Bh7 12. Qe2 Nxe5 13. Bxe5 Nd7 14. Bb2 Bf6 15. e5
Be7 16. h3 b5 17. Kh2 bxa4 18. Rxa4 Nb6 19. Ra2 Nd7 20. Rfa1 Qb6 21. Bc3 Bb4 22.
Bxb4 Qxb4 23. f4 Nb6 24. Qf2 c5 25. Nb1 a4 26. bxa4 Rxa4 27. Rxa4 Nxa4 28. Qd2
Qxd2 29. Nxd2 Nc3 30. Ra3 d4 31. Kg1 f6 32. exf6 gxf6 33. Kf2 e5 34. Nc4 e4 35.
dxe4 Nxe4+ 36. Kf3 Re8 37. Bf1 Nc3 38. Bd3 Bxd3 39. cxd3 Re1 40. Ra5 Rd1 41.
Rxc5 Rxd3+ 42. Kg4 Ne4 43. Rc8+ Kf7 44. Rc7+ Ke6 45. f5+ Kd5 46. Nb6+ Kd6 47.
Rf7 Rxg3+ 48. Kf4 Re3 49. Nc4+ Kd5 50. Nxe3+ dxe3 51. Kxe3 Ng5 52. Rxf6 Ke5 53.
Rxh6 Kxf5 54. Rh5 Kg6 55. Rh8 Kg7 56. Rh4 Kg6 57. Kf4 Ne6+ 58. Ke5 Ng7 59. Rg4+
Kh6 60. Kf6 Nh5+ 61. Kf7 Kh7 62. h4 Kh6 63. Rg6+ Kh7 64. Rg5 Kh6 65. Rf5 Ng3 66.
Re5 Nh5 67. Re8 Kh7 68. Re5 Kh6 69. Re6+ Kh7 70. Re5 Kh6 71. Rf5 Ng3 72. Ra5 Nh5
73. Rb5 Ng3 74. Rb8 Kh7 75. Rb1 Kh6 76. Rb2 Kh5 77. Rh2 Nf5 1/2-1/2

[Event "World Rapid Women 2018"]
[Site "St Petersburg RUS"]
[Date "2018.12.26"]
[Round "3.57"]
[White "Diakonova, Ekaterina"]
[Black "Strutinskaia, Galina"]
[Result "0-1"]
[BlackTitle "WGM"]
[WhiteElo "2225"]
[BlackElo "2201"]
[WhiteFideId "24172936"]
[BlackFideId "4108558"]
[EventDate "2018.12.26"]

1. e4 c5 2. Nf3 d6 3. d4 cxd4 4. Qxd4 a6 5. h3 Nc6 6. Qe3 g6 7. c4 Bh6 8. Qc3
Qa5 9. Qxa5 Nxa5 10. Bxh6 Nxh6 11. Nc3 Bd7 12. Kd2 f6 13. Nd5 Rd8 14. Nd4 Nc6
15. Nxc6 Bxc6 16. b4 Kf7 17. Bd3 e6 18. Nb6 f5 19. f3 Ke7 20. Rhe1 f4 21. b5 Be8
22. bxa6 bxa6 23. Reb1 Nf7 24. Rb2 Ne5 25. Rab1 g5 26. Bc2 h5 27. Kc3 g4 28.
hxg4 hxg4 29. fxg4 Nxg4 30. Na4 Rh2 31. Rb7+ Kf6 32. Rf1 Rxg2 33. Nb6 Rxc2+ 34.
Kxc2 Ne3+ 35. Kd3 Nxf1 36. Rh7 Bg6 37. Nd7+ Kg5 38. Re7 Ng3 39. Kd4 Nxe4 40. c5
Nxc5 41. Nxc5 dxc5+ 42. Ke5 f3 0-1

[Event "World Rapid Women 2018"]
[Site "St Petersburg RUS"]
[Date "2018.12.26"]
[Round "3.58"]
[White "Gvanceladze, Anna"]
[Black "Iljushina, Olga"]
[Result "1-0"]
[WhiteTitle "WFM"]
[BlackTitle "WGM"]
[WhiteElo "2264"]
[BlackElo "2259"]
[WhiteFideId "4113721"]
[BlackFideId "4152280"]
[EventDate "2018.12.26"]

1. e4 c5 2. Nf3 Nc6 3. Bb5 g6 4. O-O Bg7 5. Re1 Nh6 6. c3 O-O 7. d3 d6 8. Nbd2
e5 9. a3 Be6 10. b4 cxb4 11. axb4 f5 12. Bb2 f4 13. Bc4 Bxc4 14. Nxc4 g5 15. b5
Nb8 16. Ba3 Nf7 17. Nfd2 Qd7 18. Qb3 Kh8 19. Bb2 Qd8 20. Na5 Nd7 21. Nxb7 Qb6
22. Na5 Nc5 23. Qc4 d5 24. exd5 Nd6 25. Qa2 Nxd3 26. Rf1 Qxb5 27. Ba3 Nc5 28.
Nc6 Ncb7 29. Rfb1 Qd3 30. Rxb7 Nxb7 31. Bxf8 Rxf8 32. Qxa7 Qxd2 33. Qxb7 Qxd5
34. h3 f3 35. Ra7 Rg8 36. Qd7 Qe4 37. gxf3 Qb1+ 38. Kg2 Qc2 39. Ne7 e4 40. Nxg8
exf3+ 41. Kxf3 Qxc3+ 42. Kg2 Kxg8 43. Qe6+ Kh8 44. Ra8+ 1-0

[Event "World Rapid Women 2018"]
[Site "St Petersburg RUS"]
[Date "2018.12.26"]
[Round "3.59"]
[White "Dumcheva, Julia"]
[Black "Maroroa, Sue"]
[Result "0-1"]
[WhiteTitle "WFM"]
[BlackTitle "WIM"]
[WhiteElo "2168"]
[BlackElo "2120"]
[WhiteFideId "24143375"]
[BlackFideId "4301498"]
[EventDate "2018.12.26"]

1. e4 e5 2. Nf3 Nc6 3. Bb5 a6 4. Ba4 d6 5. O-O g6 6. d4 b5 7. Bb3 Bg7 8. Be3
Nge7 9. dxe5 dxe5 10. Qc1 Nd4 11. Nxd4 exd4 12. Bh6 O-O 13. Bxg7 Kxg7 14. a4 Bb7
15. Qf4 f6 16. axb5 axb5 17. Rxa8 Bxa8 18. Na3 Qb8 19. Rd1 c5 20. Qg4 f5 21. Qg5
Rf6 22. e5 Qxe5 23. Nxb5 Qe2 24. Ra1 Ra6 25. Na3 h6 26. Qg3 c4 27. Bxc4 Qxc4 28.
Qe5+ Kf7 29. f3 Qd5 30. Qh8 d3 31. cxd3 Qxd3 32. Re1 Ra7 33. h3 Bxf3 34. Qh7+
Kf6 35. Qh8+ Kg5 36. gxf3 Qxf3 37. Qd4 Qg3+ 38. Kf1 Qxh3+ 39. Kf2 Qh4+ 40. Qxh4+
Kxh4 41. Kf3 Rb7 42. Nc4 Nd5 43. Re6 Rb3+ 44. Kf2 Nf4 45. Re7 Nd3+ 46. Kg2 Rb4
47. Ne3 Rxb2+ 48. Kg1 Nf4 49. Rh7 h5 50. Rc7 Re2 51. Nf1 g5 52. Rc5 Nh3+ 53. Kh1
f4 54. Rf5 Nf2+ 55. Kg1 Ng4 56. Rb5 Ne3 57. Nh2 Rg2+ 58. Kh1 g4 59. Nf3+ Kg3 60.
Ne1 Re2 61. Nd3 Rd2 62. Rb1 Rxd3 63. Rg1+ Kh4 0-1

[Event "World Rapid Women 2018"]
[Site "St Petersburg RUS"]
[Date "2018.12.26"]
[Round "3.60"]
[White "Tomashevskaya, Lidia"]
[Black "Stetsko, Lanita"]
[Result "0-1"]
[WhiteTitle "WIM"]
[BlackTitle "FM"]
[WhiteElo "2123"]
[BlackElo "2194"]
[WhiteFideId "4113110"]
[BlackFideId "13505300"]
[EventDate "2018.12.26"]

1. e4 e5 2. Nf3 Nc6 3. Bb5 a6 4. Ba4 Nf6 5. O-O Be7 6. Re1 d6 7. c3 Bg4 8. h3
Bh5 9. d3 Nd7 10. Nbd2 Nc5 11. Bc2 Ne6 12. Nf1 Ng5 13. Bxg5 Bxg5 14. Ng3 Bxf3
15. Qxf3 g6 16. Rad1 Qf6 17. Qe2 O-O 18. Nf1 Qg7 19. Ne3 f5 20. exf5 gxf5 21. d4
e4 22. Bb3+ Kh8 23. Be6 Bxe3 24. fxe3 Rae8 25. Bb3 Ne7 26. Rf1 Qg5 27. Rf2 Ng6
28. Rdf1 c6 29. Bd1 Re7 30. Kh1 Ref7 31. c4 Rf6 32. Kh2 b5 33. b3 d5 34. cxd5
cxd5 35. Qh5 Qxe3 36. Rxf5 Rxf5 37. Rxf5 Rxf5 38. Qxf5 Qxd4 39. Qc8+ Kg7 40. Bg4
Qe5+ 41. Kg1 e3 42. Be2 d4 0-1

[Event "World Rapid Women 2018"]
[Site "St Petersburg RUS"]
[Date "2018.12.26"]
[Round "3.61"]
[White "Loskutova, Viktoriya"]
[Black "Kabanova, Ekaterina"]
[Result "0-1"]
[WhiteTitle "WFM"]
[BlackTitle "WFM"]
[WhiteElo "2105"]
[BlackElo "2095"]
[WhiteFideId "34166278"]
[BlackFideId "24112917"]
[EventDate "2018.12.26"]

1. e4 c5 2. Nf3 e6 3. d4 cxd4 4. Nxd4 a6 5. c4 Qc7 6. a3 b6 7. Nc3 Bb7 8. Be3
Nf6 9. f3 d6 10. Be2 Nbd7 11. O-O Be7 12. b4 Rc8 13. Rc1 O-O 14. Qd2 Rfe8 15.
Na4 Qb8 16. Kh1 Bd8 17. Rc2 Bc7 18. Bg1 h6 19. Rb1 Qa8 20. Bf1 Rcd8 21. Qf2 Rc8
22. Qd2 Nh5 23. c5 bxc5 24. bxc5 Nxc5 25. Nxc5 dxc5 26. Rxc5 Nf6 27. Qb2 Bd6 28.
Rxc8 Bxc8 29. a4 Be5 30. Qb6 h5 31. a5 h4 32. Qc6 Qa7 33. Nxe6 Qe7 34. Nc5 h3
35. Rd1 Nh5 36. Nd3 hxg2+ 37. Bxg2 Bd7 38. Nxe5 Bxc6 39. Nxc6 Qh4 40. Bb6 Ng3+
41. Kg1 Ne2+ 42. Kh1 Re6 43. Nb4 Rh6 44. Bc7 Ng3+ 45. Bxg3 Qxg3 46. h3 Rg6 47.
Rg1 Rh6 48. Rd1 Kh7 49. Nd5 Rxh3+ 50. Bxh3 Qxf3+ 51. Bg2 Qxd1+ 52. Kh2 Qd2 0-1